000 00562nam a2200205 u 4500
005 20220826112816.0
008 120626s2010 r 000 0 eng d
020 _a9786071104380
035 _aUPN01000185462
049 _aCG
050 4 _aPQ8519 B4
_bC6.7a
100 1 _aBenedetti, Mario,
_d1920-2009
245 1 0 _aCotidianas :
_b(1978-1979) /
_cMario Benedetti.
260 _aMéxico :
_bPunto de Lectura,
_c2010.
300 _a139 p.
440 0 _aPunto de lectura ;
_v48.15
650 7 _aPoesía uruguaya
_2
_91317
905 _aLibro
999 _c157565
_d157565